| 000 | 00406nam a2200157Ia 4500 | ||
|---|---|---|---|
| 999 |
_c523097 _d523097 |
||
| 003 | NUST | ||
| 008 | 190125s9999 xx 000 0 und d | ||
| 038 | _aMSOHAIL | ||
| 082 |
_a0 _bMUK |
||
| 100 |
_aAbu Muhammad Makhdoom Zada _913369 |
||
| 245 | _aQuran-e-Kareem K Scienci Inkashafat | ||
| 260 |
_bMushtaq Book Corner, Lhr _aLahore |
||
| 260 | _c[N.D] | ||
| 300 |
_ap;680; _c22cm _fH.B. |
||
| 942 |
_2ddc _cBK |
||